000 00312nam a2200133Ia 4500
100 _aMalvino.A.P
942 _cBK
654 _asemiconductor
245 _aSemiconductor circuit approximations
260 _bTata Mc Graw hill
_aNew Delhi
_c1988
082 _a621.38153
_bMAL
300 _a441
546 _aENGLISH
999 _c21306
_d21306